7 Perso - 1 Pts Commun - Harry Potter #21 - Statistiques

Statistiques générales
  • Ce quiz a été pris 346 fois
  • Le résultat moyen est 4 sur 7
Statistiques - réponses
Personnages % Correct
Albus Severus Potter
93%
Lily Luna Potter
93%
Hugo Weasley-Granger
69%
Fred II Weasley
51%
Petits Enfants Weasley
49%
Molly II Weasley
47%
Victoire Weasley
46%
Aucun quiz correspondant
Distribution des résultats
% des personnes avec chaque résultat
Percentile par nombre de réponses
Votre historique - résultats
Vous n’avez pas pris ce quiz